| 000 | 00364nam a2200145Ia 4500 | ||
|---|---|---|---|
| 008 | 150201s2003 xx 000 0 und d | ||
| 082 |
_a616.07 _bO2003S |
||
| 100 | _aSHAFERS | ||
| 245 | 2 | _aA TEXT BOOK OF ORAL PATHOLOGY | |
| 250 | _a4TH | ||
| 260 |
_bSAUNDERS _aGREATER KAILASH-2 (NEW DELHI) _c2003 |
||
| 300 | _a1-917 | ||
| 650 | _aPATHOLOGY | ||
| 942 |
_2ddc _cBK _09 |
||
| 999 |
_c2712 _d2712 |
||